| 000 | 00595nam a22001817a 4500 | ||
|---|---|---|---|
| 005 | 20251108165853.0 | ||
| 008 | 250721s1981 xx 000 0 ara d | ||
| 082 | 1 | 4 | _aط/725.9/بيح |
| 100 | 1 | _aبيج، بيرتون | |
| 245 | 1 | 0 | _aالبرج في العماره الإسلامية الحربيه / |
| 264 | 1 |
_aبيروت : _bدار الكتاب اللبناني، _c1981. |
|
| 300 | _a80ص | ||
| 490 | 0 | _aكتب دائرة المعارف الإسلاميه ؛6 | |
| 650 | 1 | 7 | _aالأبراج |
| 700 | 1 |
_aخورشيد، إبراهيم _eترجمة |
|
| 942 |
_2ddc _cBK |
||
| 999 |
_c33489 _d33489 |
||